| 000 | 00859nam a2200229 a 4500 | ||
|---|---|---|---|
| 001 | 000043489 | ||
| 005 | 20240508073817.0 | ||
| 008 | 140319s2014 dr ac 000 0 spa d | ||
| 020 | _a9789945586022 | ||
| 040 |
_aDO-SdBNP _bspa _cBNPHU |
||
| 082 |
_aR 013.97293 _bC357b |
||
| 245 | 0 | 0 |
_aCatálogo de la Biblioteca Arístides Incháustegui (BAI) en el Archivo General de la Nación / _ccuidado de la edición Blanca Delgado Malagón. |
| 260 |
_aSanto Domingo : _bArchivo General de la Nación, _c2014. |
||
| 300 |
_a592 p. ; _c24 cm. |
||
| 490 | 1 |
_aArchivo General de la Nación _v207 |
|
| 500 | _aIncluye índice | ||
| 590 | _aInventariado,2018/DG | ||
| 600 | 1 | 0 |
_aIncháustegui, Arístides, _d1938- _922936 |
| 650 | 4 |
_aCatálogos de bibliotecas _947158 |
|
| 700 | 1 |
_aDelgado Malagón, Blanca _eedición _922928 |
|
| 910 | _aValidado. Control de calidad EMS | ||
| 999 |
_c42978 _d42978 |
||